Gaming Quiz

Random Gaming or Japanese Quiz

Dragon Ball Z: Hyper Dimension Characters Quiz Stats

 Plays Quiz not verified by Sporcle

Score 0/10 Timer 01:00
0 Plays Today
% Correct
Majin Buu
93.4%
Frieza
90.7%
Piccolo
88.6%
Vegito
87.7%
Kid Buu
87.7%
Goku
87.1%
Gohan
86.2%
Gotenks
85%
Cell
84.4%
Majin Vegeta
84.4%

You're not logged in!

Compare scores with friends on all Sporcle quizzes.
OR
Log In

Sporcle TV

Today on Sporcle TV


Watch our educational content, quiz creation guides, and fun videos on Sporcle TV.

Show Comments

Extras

Top Quizzes Today


Score Distribution

Your Account Isn't Verified!

In order to create a playlist on Sporcle, you need to verify the email address you used during registration. Go to your Sporcle Settings to finish the process.

Report this User

Report this user for behavior that violates our Community Guidelines.

Details: